The dramatic curriculum /

Bibliographic Details
Main Author: Courtney, Richard
Format: Book
Language:English
Published: London, Ont. : New York : Faculty of Education, University of Western Ontario ; Drama Book Specialists (Publishers), 1980.
Subjects:

MARC

Tag First Indicator Second Indicator Subfields
LEADER 00000cam a2200000 a 4500
001 in00000070004
005 20151008055939.0
008 810303s1980 onca b 00110 eng d
020 |a 0920354084 
020 |a 0920354068 (pbk.) 
035 |a (OCoLC)07186718 
035 |9 AAJ4789AM 
040 |a DVP  |c DVP  |d TXA  |d UtOrBLW 
049 |a TXAM  |c [1655212] 
090 |a PN3171  |b .C635 
100 1 |a Courtney, Richard. 
245 1 4 |a The dramatic curriculum /  |c Richard Courtney. 
264 1 |a London, Ont. :  |b Faculty of Education, University of Western Ontario ;  |a New York :  |b Drama Book Specialists (Publishers),  |c 1980. 
300 |a xiii, 124 pages :  |b illustrations ;  |c 24 cm. 
336 |a text  |b txt  |2 rdacontent 
337 |a unmediated  |b n  |2 rdamedia 
338 |a volume  |b nc  |2 rdacarrier 
500 |a Editorial assistants: Fiona Goodchild, Anna Holman and Richard Young. 
500 |a Includes index. 
504 |a Bibliography: 113-121. 
650 0 |a Drama in education. 
999 |a MARS 
999 f f |s d35b95ae-0ae7-3d59-96eb-867f14edfa11  |i 4cd598bd-66e9-3574-9b7c-b416fd7a8569  |t 0 
952 f f |p ric  |a Texas A&M University  |b Rellis Campus  |c Joint Library Facility  |d Remote Storage  |t 0  |e PN3171 .C635  |h Library of Congress classification  |i unmediated -- volume  |m A14806178777 
998 f f |a PN3171 .C635  |t 0  |l Remote Storage